Junior Scientific Researcher

Salvato in:
Dettagli Bibliografici
Natura: Periodico
Lingua:inglese
Pubblicazione: Focșani SC Research Publishing SRL
Tags: Aggiungi Tag
Nessun Tag, puoi essere il primo ad aggiungerne!!

MARC

LEADER 00000nls a2200000 4500
001 0257963
005 20230331093426.3
022 |a 2458-0341 
041 0 |a eng 
044 |a RO 
245 1 0 |a Junior Scientific Researcher 
264 1 |a Focșani  |b SC Research Publishing SRL